000 00645cab a2200229 4500
001 WB3005-39
008 090401t1994 xxu||||| |||| 00| 0 eng d
035 _a(Sirsi) u62293
041 _aeng
245 _aRICS recruitment consultancy
260 _c1994
350 _a0
490 _aRICS Press Release
_v(PR7/94corp) 26 January 1994 (2)
520 _aRICS recruitment services will come under NB Selection Limited (NBS).
650 _aNBS
650 _aRECRUITMENT CONSULTANCIES
650 _aRECRUITMENT
650 _aRICS
690 _aMANAGEMENT-BUSINESS MANAGEMENT-PROFESSIONAL PRACTICE
942 _n0
948 _c04/03/1997
999 _c38715
_d38715